Normal view
MARC view
Entry Personal Name
001 - CONTROL NUMBER
- control field: 46338
003 - CONTROL NUMBER IDENTIFIER
- control field: dpl
005 - DATE AND TIME OF LATEST TRANSACTION
- control field: 20120503144746.0
008 - FIXED-LENGTH DATA ELEMENTS
- fixed length control field: 120503|||a|||||| | ||| d
040 ## - CATALOGING SOURCE
- Original cataloging agency: dpl
- Transcribing agency: dpl
100 ## - HEADING--PERSONAL NAME
- Personal name: Tagore, Rabindranath
670 ## - SOURCE DATA FOUND
- Source citation: Work cat.: (dpl)63059: Tagore, Rabindranath, Selected short stories /, 2000
670 ## - SOURCE DATA FOUND
- Source citation: Work cat.: (dpl)63059: Tagore, Rabindranath, Selected short stories /, 2000
